000 00328nam a22001337a 4500
020 _a0-340-89309-5
082 _a823
_bBLY/W
100 _aENID BLYTON
245 _aWELL DONE, SECRET SEVEN
260 _aGREAT BRITAIN
_bHODDER CHILDRENS BOOK
_c1951
300 _a118
650 _aCHILDREN'S STORY BOOK
_zUNITED KINGDOM
942 _cBK
999 _c162
_d162